| 000 | 00392nam a2200145Ia 4500 | ||
|---|---|---|---|
| 008 | 220803s9999 xx 000 0 und d | ||
| 020 | _a3-7643-7489-6 | ||
| 041 | _aeng | ||
| 082 | _a720.47 SCH | ||
| 100 |
_aSchittich C _919082 |
||
| 245 | _aSemi-Detached and Terraced Houses | ||
| 260 |
_aBoston _bBirkhauser Publisher _c2006 |
||
| 300 | _a176p | ||
| 650 |
_aEnvironmental Architecture _919083 |
||
| 999 |
_c13091 _d13091 |
||